Laddar...
Synthesis of organometallic compounds
| Huvudupphovsman: | |
|---|---|
| Övriga upphovsmän: | |
| Materialtyp: | Printed Book |
| Publicerad: |
Chichester ; New York :
Wiley,
1997.
|
| Serie: | Inorganic chemistry
|
| Ämnen: | |
| Länkar: | http://www.loc.gov/catdir/description/wiley031/97170103.html http://www.loc.gov/catdir/toc/wiley022/97170103.html |
| LEADER | 00738cam a2200193 a 4500 | ||
|---|---|---|---|
| 020 | |a 0471970700 (acidfree paper) | ||
| 020 | |a 0471971952 (pbk. : acidfree paper) | ||
| 100 | |a Sanshiro Komiya | ||
| 245 | 0 | 0 | |a Synthesis of organometallic compounds |
| 260 | |a Chichester ; |a New York : |b Wiley, |c 1997. | ||
| 300 | |a vi, 433 p. : |b ill. ; | ||
| 490 | 1 | |a Inorganic chemistry | |
| 650 | 0 | |a Organometallic compounds | |
| 700 | 1 | |a Komiya, Sanshiro. | |
| 856 | 4 | 2 | |u http://www.loc.gov/catdir/description/wiley031/97170103.html |
| 856 | 4 | 1 | |u http://www.loc.gov/catdir/toc/wiley022/97170103.html |
| 942 | |c BK | ||
| 999 | |c 106807 |d 106807 | ||
| 952 | |0 0 |1 0 |4 0 |6 547_000000000000000_N7 |7 0 |9 101525 |a SCS |b SCS |d 2014-07-18 |l 0 |o 547 N7 |p SCS03449 |r 2016-08-25 |w 2014-07-18 |y BK | ||